000 00751nam a22001937a 4500
001 10027
003 FISKH
005 20260401101736.0
008 260331b cb ||||| |||| 00| 0 eng d
020 _a9787565839092
040 _aFISKH
_beng
_cFISKH
_dFISKH
082 _a649.1
100 _a杨颖
245 _a好好说话,把话说到孩子心里去 /
_c杨颖
300 _a246 pages :
_billustrations ;
_c21 cm .
520 _a本书围绕亲子沟通展开,通过常见的家庭情境,指导父母如何正确地倾听、表达和引导孩子情绪。书中提供了实用的方法,帮助建立良好的亲子关系,让孩子更加主动、自信,并愿意与父母沟通与合作。
942 _2ddc
_cBOOK
_n0
999 _c10027
_d10027